| 000 | 00412nam a22001577a 4500 | ||
|---|---|---|---|
| 003 | NUST - PNEC | ||
| 005 | 20170116181059.0 | ||
| 008 | 151002b xxu||||| |||| 00| 0 eng d | ||
| 040 | _cLIBRARY | ||
| 082 | _a954.9183 FEL | ||
| 100 |
_912291 _aFeldman, Herbert |
||
| 245 |
_aKarachi: Through a Hundred years _cFeldman, Herbert |
||
| 260 | _cc.1960 | ||
| 650 |
_912290 _bKarachi _xGeneral books |
||
| 942 |
_2ddc _cBK |
||
| 999 |
_c68707 _d68707 |
||